Normal view
MARC view
Entry Topical Term
001 - CONTROL NUMBER
- control field: 28163
003 - CONTROL NUMBER IDENTIFIER
- control field: OSt
005 - DATE AND TIME OF LATEST TRANSACTION
- control field: 20230719164222.0
008 - FIXED-LENGTH DATA ELEMENTS
- fixed length control field: 230719|| aca||aabn | a|a d
040 ## - CATALOGING SOURCE
- Original cataloging agency: OSt
- Transcribing agency: OSt
150 ## - HEADING--TOPICAL TERM
- Topical term or geographic name entry element: ဝွၵ်း - ဢပုမ်ႇ
670 ## - SOURCE DATA FOUND
- Source citation: Work cat.: (OSt): ဝၸီႇပိၵ်ႉ(ၵဵင်းတုင်)၊ ၸဝ်ႈ။ 28162, ဝွၵ်းတူၼ်ႈမႆႉလူင်ႁိမ်းတၢင်းလႄႈ ဢပုမ်ႇဢွၼ်ႇတႄႉ မီးၼင်ႇၼႆၵူၺ်း /, 2009 ။